|
|
|
|
| LEADER |
01207cam a2200313Ia 4500 |
| 001 |
9780203475874 |
| 003 |
FlBoTFG |
| 005 |
20091230162920.0 |
| 006 |
a|||||s||||||||||| |
| 007 |
cr|||| |
| 008 |
031204s2004 enka sb 001 0 eng d |
| 020 |
|
|
|a 9780203475874 (e-book : PDF)
|
| 040 |
|
|
|a FlBoTFG
|c FlBoTFG
|d GrThAP
|
| 043 |
|
|
|a en-----
|
| 090 |
|
|
|a U43.E953
|b S65 2004
|
| 092 |
|
|
|a 355.109363
|b S742
|
| 100 |
1 |
|
|a Speidel, Michael.
|
| 245 |
1 |
0 |
|a Ancient Germanic warriors
|h [electronic resource] :
|b warrior styles from Trajan's column to Icelandic sagas /
|c Michael P. Speidel.
|
| 260 |
|
|
|a London ;
|a New York :
|b Routledge,
|c 2004.
|
| 300 |
|
|
|a xiv, 313 p. :
|b ill.
|
| 504 |
|
|
|a Includes bibliographical references (p. 205-307) and index.
|
| 530 |
|
|
|a Also available in print edition.
|b CRC Press (http://www.crcpress.com)
|
| 538 |
|
|
|a Mode of access: World Wide Web.
|
| 650 |
|
0 |
|a Military art and science
|z Europe, Northern
|x History
|y To 1500.
|
| 650 |
|
0 |
|a Germanic peoples
|x History, Military.
|
| 650 |
|
0 |
|a Sociology, Military
|z Europe, Northern.
|
| 655 |
|
7 |
|a Electronic books.
|2 lcsh
|
| 776 |
1 |
|
|z 9780415311991
|
| 856 |
4 |
0 |
|u http://www.tandfebooks.com/isbn/9780203475874
|z Full Text via HEAL-Link
|